000 00607nam a2200193Ia 4500
003 GCL
008 140319s9999 xx 000 0 ara d
040 _aGCL /
_cGCL
082 0 4 _a150.192
_bو م
100 1 _aكمال دسوقى
245 1 0 _aمدارس علم النفس المعاصرة /
_cكمال دسوقى
700 1 _aودورث، روبرت
260 _aبيروت :
_bدار النهضة العربية
300 _a390 ص ؛
_c24 سم
650 0 4 _aعلم النفس
650 0 4 _aعلم النفس الاجتماعى
650 0 4 _aعلم النفس - نظريات
942 _2ddc
_cBK
999 _c37640
_d37640